| 000 | 01921nam a22001577a 4500 | ||
|---|---|---|---|
| 041 | _aukr | ||
| 080 | _a09 | ||
| 090 | _bГРИ | ||
| 100 | _aГринчевська І. М. | ||
| 245 | _aФранцузькі запозичення в англійській мові | ||
| 260 |
_aОстрог _bКАФ _c2003 |
||
| 300 | _a77 | ||
| 520 |
_aРозділ 1. Прагматична спрямованість запозичень та їх класифікація в англійській мові
1.1. Запозичення як один з шляхів збагачення мови
1.2. Причини запозичень
1.3. Вплив ранніх французьких запозичень на словниковий склад мови
1.4. Лексична асиміляція запозичень
1.5. Французькі пізні запозичення
1.6. Сучасні французькі запозичення в англійській мові
Розділ 2. Дослідження французьких слів-запозичень за їх семантичними та морфологічними ознаками на прикладі англомовної преси
2.1. Аналіз французьких слів-запозичень за їх семантичними характеристиками
2.2. Класифікація французьких запозичень за їх морфологічними ознаками
Розділ 3. Лексико-семантичне поле французьких запозичень
3.1. Семантичне поле як засіб семантичного групування лексики
3.2. Лексико-семантичне поле французьких запозичень в англійській мові _0Лексикологія, запозичення |
||
| 650 | _aResearch Papers | ||
| 999 |
_c281885 _d281885 |
||
| 942 | _cBK | ||